000 01157nam0a22003011 4500
001 RU\INGAK2\INFOCOMM_322\NLR\5000128575
005 20250625202457.0
035 _a(NLR Aleph) 011028509
090 _a11099325
_c11099325
100 _a20130108d1980 |||y0rusy50 ca
101 0 _aspa
102 _aRU
105 _ay z||||
200 1 _aLa unidad internacional de los comunistas
_fBorís Leibson
210 _aM.
_cEd. de la Agencia de prensa "Nóvosti"
_d1980
215 _a100 с.
_d16 см
300 _aВ вып. дан.: Интернациональное единство коммунистов / Борис Лейбзон
517 1 _aИнтернациональное единство коммунистов
606 _aМеждународное коммунистическое движение
_xБорьба за единство
_2nlr_sh1
620 _aМосква
686 _aФ61(0)606
_2rubbk
700 1 _9z01790
_aLejbzon
_bB. M.
_f1906-
_gBoris Moiseevič
790 1 _9z01700
_aLeibson
_bB.
_gBorís
_4070
801 1 _aRU
_bInfoComm
_c20130108
801 0 _aRU
_bNLR
_gPSBO
852 _aNLR
_jИ25 Д-1/207
942 _cBOOK
980 _aNB